Surveying safely (Record no. 112645)
[ view plain ]
| 000 -LEADER | |
|---|---|
| fixed length control field | 00993cad a22002415a 4500 |
| 001 - CONTROL NUMBER | |
| control field | L153683 |
| 008 - FIXED-LENGTH DATA ELEMENTS--GENERAL INFORMATION | |
| fixed length control field | 110817s2011 xxk 000 0 eng d |
| 020 ## - INTERNATIONAL STANDARD BOOK NUMBER | |
| International Standard Book Number | 9781842196809 |
| 035 ## - SYSTEM CONTROL NUMBER | |
| System control number | (Sirsi) u153683 |
| 041 0# - LANGUAGE CODE | |
| Language code of text/sound track or separate title | eng |
| 050 ## - LIBRARY OF CONGRESS CALL NUMBER | |
| Classification number | 344.410465 $2 18 |
| 110 2# - MAIN ENTRY--CORPORATE NAME | |
| Corporate name or jurisdiction name as entry element | Royal Institution of Chartered Surveyors |
| 9 (RLIN) | 4900 |
| 245 00 - TITLE STATEMENT | |
| Title | Surveying safely |
| Medium | [old edition] |
| 260 ## - PUBLICATION, DISTRIBUTION, ETC. | |
| Place of publication, distribution, etc. | Coventry |
| Name of publisher, distributor, etc. | RICS |
| Date of publication, distribution, etc. | 2011 |
| 490 ## - SERIES STATEMENT | |
| Series statement | RICS Guidance Note |
| Volume/sequential designation | (GN 74/2011) |
| 520 ## - SUMMARY, ETC. | |
| Summary, etc. | This guidance note considers health and safety responsibilities at both a corporate level (whether the organisation is large or small), and at the level of the individual property professional. |
| 520 ## - SUMMARY, ETC. | |
| Summary, etc. | Superseded by 2 ed ISNM 9781842196809 effective from February 2019 |
| 590 ## - LOCAL NOTE (RLIN) | |
| Local note | KA |
| 651 #4 - SUBJECT ADDED ENTRY--GEOGRAPHIC NAME | |
| Geographic name | United Kingdom |
| 690 ## - LOCAL SUBJECT ADDED ENTRY--TOPICAL TERM (OCLC, RLIN) | |
| Topical term or geographic name as entry element | MANAGEMENT-HEALTH AND SAFETY |
| 856 ## - ELECTRONIC LOCATION AND ACCESS | |
| Uniform Resource Identifier | <a href="https://www.isurv.com/downloads/file/3083/archive_surveying_safely_1st_edition ">https://www.isurv.com/downloads/file/3083/archive_surveying_safely_1st_edition </a> |
| Public note | Archived on isurv (subscription required) |
| 942 ## - ADDED ENTRY ELEMENTS (KOHA) | |
| Suppress in OPAC | 0 |
| Source of classification or shelving scheme | Dewey Decimal Classification |
| Withdrawn status | Lost status | Source of classification or shelving scheme | Damaged status | Not for loan | Home library | Current library | Shelving location | Date acquired | Total Checkouts | Full call number | Barcode | Date last seen | Copy number | Price effective from | Koha item type | Public note |
|---|---|---|---|---|---|---|---|---|---|---|---|---|---|---|---|---|
| Dewey Decimal Classification | London | London | RICS Boxes | 17/08/2011 | RICS 2011/39 | 30075755 | 06/08/2019 | 1 | 06/08/2019 | Book | ||||||
| Dewey Decimal Classification | London | London | RICS Boxes | 02/08/2017 | RICS 2011/39 | 30075756 | 06/08/2019 | 2 | 06/08/2019 | Book | ||||||
| Dewey Decimal Classification | London | London | RICS Boxes | 03/03/2014 | RICS 2011/39 | 30075754 | 06/08/2019 | 3 | 06/08/2019 | Archive | ||||||
| Dewey Decimal Classification | Virtual | Virtual | Online | 05/03/2025 | isurv | 05/03/2025 | 4 | 05/03/2025 | Online material | Archived on isurv (subscription required) |